00546nam a2200169 i 450000100060000000300090000600500170001500700030003200800410003510000290007624500410010526000480014630000220019485200220021699900170023895201210025575176ES-MaACL20230906172348.0t|040922s1920 xxk ||||1| eng d1 aGoode, William T.95909810aBolchevism al work / cWm. T. Goode. aLondon : bGeorge Allen and Umvin, c[1920] a142 p. ; c18 cm. aES-MaACLjF-10380 c75176d75176 00104070aATENEOMbATENEOMcSPP2d2008-01-17eSCl0oF-10380p1078683r2023-02-23 00:00:00w2023-02-23yMONOGRAFIA